| 000 | 00755nam a2200253Ia 4500 | ||
|---|---|---|---|
| 003 | OSt | ||
| 005 | 20220918215920.0 | ||
| 006 | a|||||r|||| 00| 0 | ||
| 007 | ta | ||
| 008 | 220917b |||||||| |||| 00| 0 eng d | ||
| 024 | _a143,346 | ||
| 037 | _cTextual | ||
| 040 |
_aARTS _cARTS _beng |
||
| 041 |
_2eng _aeng |
||
| 082 | _aY15-49:1y7, L6 | ||
| 100 |
_aWadhera Kiron _9135829 |
||
| 245 | 0 |
_aNew break winners _b A study of the situation of young working women |
|
| 260 |
_aNew Delhi _bVishwa Yuvak Kendra _c1976 |
||
| 300 |
_axi, 377p. _ccm. |
||
| 500 | _aAppendices p297-370; Glossary p371-372; Bibliography p375-377 | ||
| 650 | _aSOCIOLOGY | ||
| 942 |
_hY15-49:1y7, L6 _cTEXL _2CC |
||
| 999 |
_c266299 _d266299 |
||